Skład reprezentacji Polski na Mistrzostwach Europy 2012 - Statystyki

Ogólne statystyki
  • Ten quiz został rozwiązany 39 razy
  • Średni wynik to 15 z 23
Statystyki odpowiedzi
Nazwisko % Poprawnych
Wojciech Szczęsny
100%
Jakub Błaszczykowski
97%
Robert Lewandowski
94%
Przemysław Tytoń
92%
Łukasz Piszczek
89%
Ludovic Obraniak
78%
Maciej Rybus
78%
Damien Perquis
72%
Eugen Polanski
72%
Marcin Wasilewski
72%
Adrian Mierzejewski
69%
Artur Sobiech
67%
Kamil Grosicki
67%
Rafał Murawski
64%
Sebastian Boenisch
64%
Jakub Wawrzyniak
53%
Paweł Brożek
53%
Dariusz Dudka
50%
Grzegorz Sandomierski
42%
Marcin Kamiński
42%
Adam Matuszczyk
36%
Grzegorz Wojtkowiak
33%
Rafał Wolski
25%
Nie znaleziono quizów pasujących do podanych kryteriów
Rozkład punktacji
Procent ludzi z każdym wynikiem
Percentyl według liczby udzielonych odpowiedzi
Twoja historia wyników
Nie rozwiązałeś tego quizu